[Event "European Blitz 2017"]
[Site "Katowice POL"]
[Date "2017.12.15"]
[Round "4.82"]
[White "Swiatek, Bartosz"]
[Black "Valsecchi, Alessio"]
[Result "0-1"]
[BlackTitle "IM"]
[WhiteElo "2022"]
[BlackElo "2501"]
[WhiteFideId "1116533"]
[BlackFideId "818860"]
[EventDate "2017.12.15"]
[EventType "blitz"]

1. e4 e5 2. Nc3 Nc6 3. Bc4 Nf6 4. d3 Bb4 5. f4 d6 6. Nf3 Bg4 7. O-O h6 8. Qe1
Bxf3 9. gxf3 Nh5 10. f5 Nd4 11. Qf2 c6 12. a3 Ba5 13. Be3 b5 14. Ba2 Bb6 15. Kh1
Nf4 16. Rac1 Qf6 17. Qg3 Nde2 18. Nxe2 Nxe2 19. Qf2 Bxe3 20. Qxe3 Nxc1 21. Rxc1
Qg5 22. Qxg5 hxg5 23. Kg2 Ke7 24. c4 b4 25. a4 c5 26. b3 Rh4 27. h3 Rah8 28. Rh1
Kf6 29. Bb1 g6 30. fxg6 Kxg6 31. Bc2 f5 32. exf5+ Kxf5 33. Kg3 Ke6 34. Bd1 d5
35. cxd5+ Kxd5 36. Be2 Kd4 37. Bf1 Kc3 38. Bg2 Kxb3 39. Re1 Re8 40. Rc1 c4 41.
dxc4 Rxc4 42. Ra1 Kb2 43. Rd1 b3 44. Bf1 Rc3 45. Bb5 Rf8 46. Rf1 e4 47. Be2 exf3
48. Bxf3 Ka3 49. Kg4 Rfxf3 50. Rxf3 Rxf3 51. Kxf3 b2 52. Kg4 b1=Q 0-1

[Event "European Blitz 2017"]
[Site "Katowice POL"]
[Date "2017.12.15"]
[Round "4.83"]
[White "Maier, Christian"]
[Black "Hosek, Martin"]
[Result "1-0"]
[WhiteTitle "IM"]
[WhiteElo "2393"]
[BlackElo "2120"]
[WhiteFideId "4601955"]
[BlackFideId "345652"]
[EventDate "2017.12.15"]
[EventType "blitz"]

1. e4 Nf6 2. e5 Nd5 3. c4 Nb6 4. c5 Nd5 5. Bc4 e6 6. Nc3 Nxc3 7. dxc3 Nc6 8. Bf4
Bxc5 9. h4 O-O 10. Qg4 Ne7 11. Nf3 d6 12. O-O-O b5 13. Bd3 Nf5 14. Qh3 b4 15. c4
Bxf2 16. Kb1 Be3 17. Bg5 Qe8 18. Bxf5 Bxg5 19. hxg5 h5 20. Qxh5 1-0

[Event "European Blitz 2017"]
[Site "Katowice POL"]
[Date "2017.12.15"]
[Round "4.84"]
[White "Lapczynski, Artur"]
[Black "Djuric, Stefan"]
[Result "0-1"]
[BlackTitle "GM"]
[WhiteElo "2050"]
[BlackElo "2383"]
[WhiteFideId "1112775"]
[BlackFideId "900133"]
[EventDate "2017.12.15"]
[EventType "blitz"]

1. e4 c5 2. Nf3 g6 3. c4 Bg7 4. d4 Qa5+ 5. Nc3 Nc6 6. Be3 Nf6 7. Qd2 Ng4 8. Be2
Nxe3 9. fxe3 d6 10. O-O O-O 11. Rf2 a6 12. Raf1 Bg4 13. dxc5 Bxc3 14. bxc3 dxc5
15. Ng5 Rad8 16. Qc2 Bxe2 17. Qxe2 Ne5 18. Rf4 Qxc3 19. Rh4 Rd2 20. Qe1 h5 21.
Qg3 Re2 22. Rxh5 Qxe3+ 23. Qxe3 Rxe3 24. Rh3 Rxh3 25. Nxh3 Nxc4 26. Rc1 b5 27.
a4 Rd8 28. axb5 axb5 29. Kf2 Rd2+ 30. Kf3 Ne5+ 31. Kg3 c4 32. Nf4 b4 33. Nd5 b3
34. Nxe7+ Kf8 35. Nd5 b2 36. Rb1 Rxd5 37. exd5 c3 38. Kf4 c2 0-1

[Event "European Blitz 2017"]
[Site "Katowice POL"]
[Date "2017.12.15"]
[Round "4.85"]
[White "Kozak, Antoni"]
[Black "Miezis, Normunds"]
[Result "0-1"]
[BlackTitle "GM"]
[WhiteElo "2076"]
[BlackElo "2434"]
[WhiteFideId "21832030"]
[BlackFideId "11600136"]
[EventDate "2017.12.15"]
[EventType "blitz"]

1. e4 c5 2. Nf3 e6 3. d4 cxd4 4. Nxd4 a6 5. Bd3 Nc6 6. Nxc6 dxc6 7. a4 e5 8. Nd2
Qc7 9. O-O Nf6 10. Nc4 Bc5 11. Bg5 Bg4 12. Qe1 Nd7 13. b4 Ba7 14. Be3 b5 15. Na5
O-O 16. Bxa7 Rxa7 17. Qc3 Rc8 18. Nb3 Be6 19. Nc5 Nxc5 20. Qxc5 h6 21. h3 Qb8
22. Ra3 Rd7 23. axb5 cxb5 24. Qe3 Qd6 25. Rfa1 Rc6 26. Qe1 Rdc7 27. Rd1 Qe7 28.
Raa1 g6 29. Ra5 Kg7 30. Rda1 Qd6 31. Rd1 Rc3 32. Kh2 R7c6 33. Bxb5 Qxb4 34. Bxc6
Qxa5 35. Bd5 Bxd5 36. exd5 Qb4 37. Qxe5+ f6 38. Qe2 Qd6+ 0-1

[Event "European Blitz 2017"]
[Site "Katowice POL"]
[Date "2017.12.15"]
[Round "4.86"]
[White "Kreisl, Robert"]
[Black "Borys, Jacek"]
[Result "1-0"]
[WhiteTitle "IM"]
[WhiteElo "2440"]
[BlackElo "2023"]
[WhiteFideId "1613880"]
[BlackFideId "1138049"]
[EventDate "2017.12.15"]
[EventType "blitz"]

1. Nf3 Nf6 2. g3 d5 3. Bg2 Nc6 4. O-O Bg4 5. d3 Qd7 6. c4 Bh3 7. cxd5 Nxd5 8.
Nc3 Nxc3 9. bxc3 Bxg2 10. Kxg2 e5 11. d4 e4 12. Ng5 f5 13. d5 Ne7 14. c4 c6 15.
Ne6 cxd5 16. cxd5 Rc8 17. Ba3 Qxd5 18. Qxd5 Nxd5 19. Nxf8 Rc3 20. Bb2 Rc2 21.
Bxg7 Rg8 22. Ne6 Rxe2 23. Kg1 Kf7 24. Nd4 Rd2 25. Be5 f4 26. Rad1 Rxa2 27. Nb5
Rd8 28. Bxf4 Ke7 29. Bg5+ 1-0

[Event "European Blitz 2017"]
[Site "Katowice POL"]
[Date "2017.12.15"]
[Round "4.87"]
[White "Kolasa, Pjotrs"]
[Black "Mikrut, Dariusz"]
[Result "0-1"]
[BlackTitle "IM"]
[WhiteElo "2049"]
[BlackElo "2375"]
[WhiteFideId "11604255"]
[BlackFideId "1112791"]
[EventDate "2017.12.15"]
[EventType "blitz"]

1. Nf3 Nf6 2. d4 g6 3. c4 Bg7 4. Nc3 O-O 5. e4 d6 6. h3 Na6 7. Be3 Qe8 8. Be2 e5
9. d5 Nh5 10. g3 f5 11. exf5 gxf5 12. Nh2 Nf6 13. Qd2 f4 14. gxf4 exf4 15. Bd4
Nc5 16. O-O-O Nfe4 17. Qe1 Bxd4 18. Rxd4 Bf5 19. Rg1+ Kh8 20. Nb5 a6 21. Nc3 b5
22. Nxe4 Nxe4 23. Bg4 Bg6 24. Be6 Nc5 25. Nf3 Qe7 26. Qc3 Qf6 27. Rdd1 Qxc3+ 28.
bxc3 bxc4 29. Nd4 Rab8 30. Kd2 Ne4+ 31. Ke2 Rb2+ 32. Kf3 Rxf2+ 33. Kg4 Nxc3 34.
Rdf1 Rd2 35. Nf3 Rd3 36. Ng5 Ne2 37. Rf3 Nd4 38. Rxd3 cxd3 39. Rd1 f3 40. h4 f2
41. h5 f1=Q 42. Rxf1 Rxf1 43. hxg6 hxg6 44. Nf7+ Kg7 45. Nd8 d2 46. Bd7 d1=Q+ 0-1

[Event "European Blitz 2017"]
[Site "Katowice POL"]
[Date "2017.12.15"]
[Round "4.89"]
[White "Polivanov, Anatoliy"]
[Black "Sanz Wawer, Daniel"]
[Result "1-0"]
[WhiteTitle "IM"]
[WhiteElo "2383"]
[BlackElo "2134"]
[WhiteFideId "14109468"]
[BlackFideId "1185543"]
[EventDate "2017.12.15"]
[EventType "blitz"]

1. d4 d5 2. c4 c6 3. Nf3 Nf6 4. Nc3 e6 5. Bg5 h6 6. Bh4 dxc4 7. e3 g5 8. Bg3 b5
9. h4 Bb4 10. Qc2 g4 11. Ne5 Qa5 12. Be2 Rg8 13. O-O Bb7 14. a4 Bxc3 15. axb5
Qc7 16. Nxc6 Qc8 17. Nxb8 Bb4 18. Nc6 Bxc6 19. Qxc4 Bxg2 20. Qxc8+ Rxc8 21. Kxg2
Rc2 22. Bd3 Rd2 23. Rfd1 Rxd1 24. Rxd1 Ba5 25. Rc1 Kd7 26. Be5 Nd5 27. e4 f6 28.
Bg3 Bd2 29. Ra1 Nf4+ 30. Bxf4 Bxf4 31. Rxa7+ Kd6 32. Ra6+ Kd7 33. d5 exd5 34.
exd5 g3 35. Bf5+ Kc7 36. d6+ Bxd6 37. Rc6+ Kb7 38. Rxd6 gxf2+ 39. Kxf2 1-0

[Event "European Blitz 2017"]
[Site "Katowice POL"]
[Date "2017.12.15"]
[Round "4.91"]
[White "Sieciechowicz, Marcin"]
[Black "Michalski, Filip"]
[Result "1-0"]
[WhiteTitle "IM"]
[WhiteElo "2387"]
[BlackElo "2089"]
[WhiteFideId "1130170"]
[BlackFideId "1151371"]
[EventDate "2017.12.15"]
[EventType "blitz"]

1. d4 Nf6 2. c4 e6 3. Nc3 d5 4. Bg5 c6 5. e3 Be7 6. Nf3 Nbd7 7. Rc1 O-O 8. a3
Re8 9. Bd3 Nf8 10. Ne5 Ng6 11. Qc2 Nd7 12. Bf4 Ndxe5 13. Bxe5 dxc4 14. Bxc4 Nxe5
15. dxe5 Qa5 16. Qe4 Bd7 17. h4 Rad8 18. h5 h6 19. Bd3 f5 20. exf6 Bxf6 21. Qh7+
Kf8 22. Bg6 Qb6 23. b4 c5 24. Ne4 Be5 25. Rh3 Ke7 26. Bxe8 Rxe8 27. Nxc5 a5 28.
Nd3 Bf6 29. Rg3 axb4 30. axb4 Qb5 31. Rxg7+ Bxg7 32. Qxg7+ Kd8 33. Qd4 e5 34.
Qc3 Re6 35. Nc5 Rc6 36. Qd2 Rc7 37. Ne6+ 1-0

[Event "European Blitz 2017"]
[Site "Katowice POL"]
[Date "2017.12.15"]
[Round "4.92"]
[White "Ozolins, Aris"]
[Black "Saraci, Nderim"]
[Result "0-1"]
[WhiteTitle "FM"]
[BlackTitle "FM"]
[WhiteElo "2145"]
[BlackElo "2398"]
[WhiteFideId "11601671"]
[BlackFideId "6351921"]
[EventDate "2017.12.15"]
[EventType "blitz"]

1. e4 c5 2. Nf3 Nc6 3. d4 cxd4 4. Nxd4 g6 5. Nc3 Bg7 6. Be3 Nf6 7. Nxc6 dxc6 8.
Qxd8+ Kxd8 9. Bc4 Ng4 10. Bxf7 Rf8 11. O-O-O+ Kc7 12. Bb3 Nxe3 13. fxe3 Bh6 14.
Rhf1 Bxe3+ 15. Kb1 Bg4 16. Rde1 Bd2 17. Rxf8 Rxf8 18. Rg1 Bxc3 19. bxc3 Rf2 20.
h3 Be2 21. Be6 Kd6 22. Bg4 Rf1+ 23. Rxf1 Bxf1 24. Bf3 Ke5 25. Kc1 Kf4 26. Kd2
Kg3 27. Ke3 Bxg2 28. Bg4 Bxh3 29. Kd4 0-1

[Event "European Blitz 2017"]
[Site "Katowice POL"]
[Date "2017.12.15"]
[Round "4.93"]
[White "Krause, Jonah"]
[Black "Sinauridze, Simons"]
[Result "1-0"]
[WhiteTitle "FM"]
[WhiteElo "2368"]
[BlackElo "2022"]
[WhiteFideId "12907910"]
[BlackFideId "11604468"]
[EventDate "2017.12.15"]
[EventType "blitz"]

1. d4 g6 2. Nf3 Bg7 3. c4 d6 4. Nc3 Nf6 5. e4 O-O 6. Be2 Nbd7 7. O-O e5 8. Be3
Ng4 9. Bg5 f6 10. Bc1 Nh6 11. Re1 c6 12. Rb1 Qe7 13. b4 Nf7 14. d5 c5 15. bxc5
Nxc5 16. Be3 b6 17. Nd2 f5 18. f3 f4 19. Bf2 g5 20. Nb3 h5 21. Nxc5 bxc5 22. Qa4
g4 23. Qc6 Bd7 24. Rb7 Rfd8 25. fxg4 Qe8 26. Rxd7 Qxd7 27. gxh5 Qxc6 28. dxc6
Rdc8 29. Nd5 Kf8 30. c7 Nh6 31. Bh4 Ke8 32. Bg5 Nf7 33. Be7 Bf8 34. Bxf8 Kxf8
35. Bg4 1-0

[Event "European Blitz 2017"]
[Site "Katowice POL"]
[Date "2017.12.15"]
[Round "4.94"]
[White "Kalinin, Oleksandr"]
[Black "Reichmann, Hendrik"]
[Result "1/2-1/2"]
[BlackTitle "FM"]
[WhiteElo "2075"]
[BlackElo "2337"]
[WhiteFideId "14137100"]
[BlackFideId "4647823"]
[EventDate "2017.12.15"]
[EventType "swiss"]

1. d4 g6 2. c4 Bg7 3. Nc3 c5 4. e3 Nf6 5. d5 d6 6. Bd3 O-O 7. Nge2 e6 8. O-O
exd5 9. cxd5 Nbd7 10. e4 Re8 11. Ng3 h5 12. Bg5 Qb6 13. Rb1 Nh7 14. Be3 h4 15.
Nge2 h3 16. g3 Ne5 17. Bc2 Bg4 18. f4 Nf3+ 19. Kh1 Nd4 20. Bd3 f5 21. Qd2 fxe4
22. Bc4 Bf3+ 23. Kg1 Qb4 24. Bb3 Bxe2 25. Ra1 1/2-1/2

[Event "European Blitz 2017"]
[Site "Katowice POL"]
[Date "2017.12.15"]
[Round "4.95"]
[White "Dragnev, Valentin"]
[Black "Lis, Mateusz"]
[Result "1/2-1/2"]
[WhiteTitle "IM"]
[WhiteElo "2458"]
[BlackElo "2113"]
[WhiteFideId "1634852"]
[BlackFideId "1184733"]
[EventDate "2017.12.15"]
[EventType "blitz"]

1. e4 c5 2. Nf3 e6 3. d4 cxd4 4. c3 Nf6 5. e5 Nd5 6. cxd4 d6 7. a3 Nc6 8. Bd3
Be7 9. O-O O-O 10. Qe2 Bd7 11. Rd1 Rc8 12. Nc3 Nxc3 13. bxc3 dxe5 14. dxe5 Qc7
15. Qe4 g6 16. Bh6 Rfd8 17. h4 Na5 18. Ng5 Ba4 19. Qxa4 Qxe5 20. Bf1 Qxc3 21.
Rxd8+ Rxd8 22. Rd1 Qc7 23. Ne4 Nc6 24. Qc2 Bxh4 25. g3 Be7 26. Bf4 Qa5 27. Rb1
Nd4 28. Qc7 Qxc7 29. Bxc7 Rd7 30. Rxb7 f5 31. Nc3 Bxa3 32. Rxa7 Bc5 33. Ra8+ Kf7
34. Bf4 e5 35. Bh6 g5 36. Ra6 Rd6 37. Na4 Rxa6 38. Bxa6 Be7 39. f4 exf4 40. gxf4
Kg6 41. fxg5 Bxg5 42. Bxg5 Kxg5 43. Nc3 h5 44. Bc4 h4 45. Bd5 Kg4 46. Nd1 Ne2+
47. Kf2 Nf4 48. Ne3+ Kg5 49. Bh1 Nd3+ 50. Ke2 Ne5 51. Nd5 Ng4 52. Kf3 Ne5+ 53.
Kg2 f4 54. Kh2 f3 55. Kh3 f2 56. Kg2 Ng4 57. Kf1 h3 1/2-1/2

[Event "European Blitz 2017"]
[Site "Katowice POL"]
[Date "2017.12.15"]
[Round "4.97"]
[White "Lubczynski, Rafal"]
[Black "Kolesnikovs, Ivans"]
[Result "1-0"]
[WhiteTitle "IM"]
[WhiteElo "2429"]
[BlackElo "1996"]
[WhiteFideId "1126091"]
[BlackFideId "11602244"]
[EventDate "2017.12.15"]
[EventType "blitz"]

1. Nf3 d5 2. c4 Nf6 3. b3 d4 4. Bb2 c5 5. g3 Nc6 6. Bg2 e5 7. d3 Bd6 8. O-O O-O
9. Na3 Re8 10. Nc2 Bg4 11. h3 Bh5 12. Nh4 e4 13. dxe4 Nxe4 14. Nf3 Qe7 15. Re1
Rad8 16. a3 a5 17. b4 axb4 18. axb4 b6 19. b5 Nb8 20. Qd3 Nd7 21. Ra7 Qf6 22.
Ne3 Nxg3 23. Nd5 Qe6 24. fxg3 Bxg3 25. Ng5 1-0

[Event "European Blitz 2017"]
[Site "Katowice POL"]
[Date "2017.12.15"]
[Round "4.98"]
[White "Fedotov, Konstantin"]
[Black "Shkapenko, Pavel"]
[Result "1/2-1/2"]
[BlackTitle "IM"]
[WhiteElo "2017"]
[BlackElo "2431"]
[WhiteFideId "4145895"]
[BlackFideId "4151933"]
[EventDate "2017.12.15"]
[EventType "swiss"]

1. e4 c5 2. Nc3 a6 3. f4 b5 4. Nf3 Bb7 5. d3 e6 6. g4 d5 7. e5 h5 8. g5 Ne7 9.
Nh4 b4 10. Ne2 d4 11. Bg2 Bxg2 12. Nxg2 Nf5 13. Ng3 Qd5 14. O-O g6 15. Ne4 Be7
16. a3 Nc6 17. axb4 cxb4 18. c3 dxc3 19. bxc3 bxc3 20. Ba3 Qd4+ 21. Rf2 O-O 22.
Bxe7 Ncxe7 23. Ra4 Qb6 24. Nf6+ Kg7 25. Nd7 Qa7 26. Nxf8 Rxf8 27. Rc4 Nd5 28.
Qb3 Rb8 29. Qd1 Nde3 30. Nxe3 Nxe3 31. Qc1 Nxc4 32. dxc4 Rb2 1/2-1/2

[Event "European Blitz 2017"]
[Site "Katowice POL"]
[Date "2017.12.15"]
[Round "4.99"]
[White "Meissner, Felix"]
[Black "Adamczewski, Maciej"]
[Result "1-0"]
[WhiteTitle "FM"]
[WhiteElo "2333"]
[BlackElo "1999"]
[WhiteFideId "24671827"]
[BlackFideId "1148702"]
[EventDate "2017.12.15"]
[EventType "blitz"]

1. e4 e6 2. d4 d5 3. Nd2 Be7 4. Bd3 c5 5. dxc5 Bxc5 6. Ngf3 Nf6 7. Qe2 O-O 8.
O-O Nc6 9. a3 a5 10. b3 Nd4 11. Nxd4 Bxd4 12. Rb1 Re8 13. e5 Nd7 14. Nf3 Bc5 15.
a4 Nf8 16. Kh1 Bd7 17. Be3 Be7 18. Nd4 Qc7 19. f4 Ng6 20. Qh5 Nf8 21. Rbe1 f5
22. exf6 Bxf6 23. Nf3 Re7 24. Ne5 Be8 25. Qh3 Ng6 26. Bd4 Rd8 27. Re2 Rd6 28.
Qg3 Rc6 29. Nxc6 bxc6 30. Bc5 Rf7 31. f5 Qxg3 32. hxg3 Nf8 33. fxe6 Rb7 34. g4
h6 35. Kh2 Ng6 36. g3 Ne5 37. Rxe5 1-0

[Event "European Blitz 2017"]
[Site "Katowice POL"]
[Date "2017.12.15"]
[Round "4.100"]
[White "Leveikina, Jevgenija"]
[Black "De Filomeno, Simone"]
[Result "1/2-1/2"]
[WhiteTitle "WFM"]
[BlackTitle "IM"]
[WhiteElo "2109"]
[BlackElo "2429"]
[WhiteFideId "4682157"]
[BlackFideId "828688"]
[EventDate "2017.12.15"]
[EventType "blitz"]

1. d4 Nf6 2. Nf3 d6 3. g3 Bg4 4. Bg2 c6 5. c3 Nbd7 6. Nbd2 e5 7. dxe5 dxe5 8.
O-O Bc5 9. Nc4 Qe7 10. b4 Bb6 11. Nd6+ Kf8 12. Nxb7 e4 13. Nd4 Ne5 14. Na5 c5
15. Ndb3 cxb4 16. cxb4 h5 17. Bg5 Qxb4 18. Bxf6 gxf6 19. Qd5 Kg7 20. Qxe4 Bxa5
21. Nxa5 Qxa5 22. h3 Be6 23. f4 Qc5+ 24. Kh2 Ng4+ 25. Kh1 Nf2+ 26. Rxf2 Qxf2 27.
Rf1 Qc5 28. f5 Bxa2 29. g4 Rae8 30. Qf4 Qe3 31. Qh2 hxg4 32. Rg1 g3 33. Bf3 Kf8
34. Rxg3 Qe5 35. Qf2 Bd5 36. Qc5+ Re7 37. Qc8+ Re8 38. Qc5+ Re7 39. Qc8+ Re8 40.
Qc5+ Re7 1/2-1/2

[Event "European Blitz 2017"]
[Site "Katowice POL"]
[Date "2017.12.15"]
[Round "5.1"]
[White "Vykouk, Jan"]
[Black "Wojtaszek, Radoslaw"]
[Result "0-1"]
[WhiteTitle "FM"]
[BlackTitle "GM"]
[WhiteElo "2435"]
[BlackElo "2736"]
[WhiteFideId "349658"]
[BlackFideId "1118358"]
[EventDate "2017.12.15"]
[EventType "blitz"]

1. e4 c6 2. d4 d5 3. Nd2 dxe4 4. Nxe4 Nd7 5. Ng5 Ngf6 6. Bd3 e6 7. N1f3 Bd6 8.
Qe2 h6 9. Ne4 Nxe4 10. Qxe4 Qc7 11. Qg4 Kf8 12. O-O b6 13. Qh3 Bb7 14. c4 c5 15.
b3 Rd8 16. Re1 Nf6 17. Bg5 cxd4 18. Bxf6 gxf6 19. Nd2 f5 20. Rad1 Bb4 21. Re2
Qf4 22. Nf1 h5 23. g3 Qf3 0-1

[Event "European Blitz 2017"]
[Site "Katowice POL"]
[Date "2017.12.15"]
[Round "5.2"]
[White "Navara, David"]
[Black "Wieczorek, Oskar"]
[Result "1-0"]
[WhiteTitle "GM"]
[BlackTitle "IM"]
[WhiteElo "2740"]
[BlackElo "2463"]
[WhiteFideId "309095"]
[BlackFideId "1133950"]
[EventDate "2017.12.15"]
[EventType "blitz"]

1. d4 Nf6 2. c4 g6 3. g3 Bg7 4. Bg2 O-O 5. Nc3 c5 6. d5 d6 7. Nf3 e6 8. O-O exd5
9. cxd5 Re8 10. Re1 a6 11. a4 Ne4 12. Ra3 Nd7 13. Nxe4 Rxe4 14. Qc2 Re8 15. e4
Rb8 16. Bf4 Ne5 17. Nxe5 Bxe5 18. Bxe5 Rxe5 19. Rae3 b5 20. axb5 Rxb5 21. b3 Re8
22. Qc3 Qa5 23. Qf6 Rxb3 24. Ra1 Rxe3 25. Rxa5 Re1+ 26. Bf1 Bh3 27. Ra1 R8xe4
28. Qc3 Rxa1 29. Qxa1 Bxf1 30. Kxf1 c4 31. Qxa6 1-0

[Event "European Blitz 2017"]
[Site "Katowice POL"]
[Date "2017.12.15"]
[Round "5.4"]
[White "McShane, Luke J"]
[Black "Tomczak, Mikolaj"]
[Result "1-0"]
[WhiteTitle "GM"]
[BlackTitle "FM"]
[WhiteElo "2640"]
[BlackElo "2372"]
[WhiteFideId "404853"]
[BlackFideId "1175114"]
[EventDate "2017.12.15"]
[EventType "blitz"]

1. e4 c5 2. Nc3 Nc6 3. g3 g6 4. Bg2 Bg7 5. d3 d6 6. Be3 Nf6 7. Nge2 O-O 8. O-O
Rb8 9. h3 b5 10. a3 a5 11. Qd2 b4 12. axb4 axb4 13. Nd1 Ne8 14. Bh6 e5 15. Bxg7
Nxg7 16. Ne3 Nd4 17. f4 Nxe2+ 18. Qxe2 Ne6 19. f5 Nd4 20. Qf2 f6 21. c3 bxc3 22.
bxc3 Nb5 23. Nd5 Bb7 24. Qd2 Bxd5 25. exd5 Kg7 26. Be4 g5 27. h4 gxh4 28. g4 Qc7
29. Rf2 c4 30. Rh2 cxd3 31. Rxh4 Rf7 32. Rc1 Qc5+ 33. Kh1 Nc7 34. g5 Ne8 35. Rg1
Kf8 36. g6 hxg6 37. fxg6 Rg7 38. Qxd3 Rb2 39. Qh3 Qf2 40. Rh8+ Ke7 41. Qe6+ Kd8
42. Qxe8+ Kc7 43. Qc6# 1-0

[Event "European Blitz 2017"]
[Site "Katowice POL"]
[Date "2017.12.15"]
[Round "5.6"]
[White "Saric, Ivan"]
[Black "Krzyzanowski, Marcin"]
[Result "1-0"]
[WhiteTitle "GM"]
[BlackTitle "IM"]
[WhiteElo "2669"]
[BlackElo "2457"]
[WhiteFideId "14508150"]
[BlackFideId "1132199"]
[EventDate "2017.12.15"]
[EventType "blitz"]

1. e4 e5 2. Nf3 Nc6 3. Nc3 Nf6 4. Bb5 Bb4 5. O-O Bxc3 6. dxc3 d6 7. Re1 O-O 8.
Nd2 Ne7 9. Nf1 Ng6 10. Bd3 Be6 11. c4 Qe7 12. a4 h6 13. a5 a6 14. Ra3 Nh7 15.
Ng3 Nf4 16. Bf1 Rab8 17. Be3 Qf6 18. Nh5 Qg5 19. Nxf4 exf4 20. Bd2 f5 21. e5
Rbd8 22. exd6 Rxd6 23. c5 Rc6 24. Qc1 Bf7 25. Bxf4 Qf6 26. Rg3 g5 27. Be5 Qg6
28. b4 Re8 29. Ba1 Rxe1 30. Qxe1 f4 31. Rd3 Re6 32. Rd8+ Re8 33. Qc3 Kf8 34. Rd7
Bg8 35. Qg7+ Qxg7 36. Bxg7# 1-0

[Event "European Blitz 2017"]
[Site "Katowice POL"]
[Date "2017.12.15"]
[Round "5.7"]
[White "Gazik, Viktor"]
[Black "Ragger, Markus"]
[Result "1/2-1/2"]
[WhiteTitle "IM"]
[BlackTitle "GM"]
[WhiteElo "2479"]
[BlackElo "2657"]
[WhiteFideId "14928752"]
[BlackFideId "1610856"]
[EventDate "2017.12.15"]
[EventType "blitz"]

1. c4 e5 2. g3 Nc6 3. Bg2 Bc5 4. Nc3 a6 5. e3 d6 6. Nge2 Ba7 7. a3 h5 8. h3 h4
9. g4 f5 10. gxf5 Bxf5 11. Nd5 Nf6 12. Nec3 Qd7 13. b4 Bd3 14. Qb3 Nxd5 15. Nxd5
e4 16. Bb2 Ne5 17. Rc1 Qf7 18. Nf4 Bxc4 19. Qc2 Nd3+ 20. Nxd3 Bxd3 21. Qxc7 O-O
22. Qxf7+ Rxf7 23. Bf1 Bxf1 24. Rxf1 d5 25. Ke2 Rd8 26. f3 Rfd7 27. fxe4 dxe4
28. Bc3 Bb8 29. Rf5 Rf7 30. Rcf1 Rxf5 31. Rxf5 Bg3 32. a4 Rd7 33. b5 axb5 34.
Rxb5 Kh7 35. Rb4 Re7 36. Rb6 g6 37. a5 Kh6 38. Bf6 Rf7 39. Re6 Kh5 40. a6 bxa6
41. Rxa6 g5 42. Re6 g4 43. hxg4+ Kxg4 44. Rxe4+ Kf5 45. Bxh4 Kxe4 1/2-1/2

[Event "European Blitz 2017"]
[Site "Katowice POL"]
[Date "2017.12.15"]
[Round "5.8"]
[White "Mitkov, Marjan"]
[Black "Plat, Vojtech"]
[Result "1/2-1/2"]
[WhiteTitle "IM"]
[BlackTitle "GM"]
[WhiteElo "2333"]
[BlackElo "2567"]
[WhiteFideId "15000354"]
[BlackFideId "325740"]
[EventDate "2017.12.15"]
[EventType "blitz"]

1. d4 Nf6 2. Nf3 g6 3. Bg5 Bg7 4. Nbd2 d5 5. e3 h6 6. Bh4 c6 7. Bd3 Nbd7 8. O-O
g5 9. Bg3 Nh5 10. c3 Nxg3 11. hxg3 Nf6 12. e4 dxe4 13. Nxe4 Nxe4 14. Bxe4 Be6
15. Re1 Qd6 16. Qc2 Qd7 17. Ne5 Bxe5 18. dxe5 O-O-O 19. Rad1 Qc7 20. Bf5 Rxd1
21. Bxe6+ Rd7 22. Bxd7+ Qxd7 23. e6 fxe6 24. Qb3 Qd5 25. Qa3 Qd6 26. Qxa7 Rd8
27. Qe3 Kd7 28. Qe2 Kc7 29. Qxe6 Qxe6 30. Rxe6 Rd1+ 31. Kh2 Kd7 32. Re2 Kd6 33.
g4 e5 34. Kg3 Kd5 35. Kf3 Rd3+ 36. Re3 Rd2 37. c4+ Kxc4 38. Rxe5 Rxb2 39. Ra5 b5
40. Ke3 b4 41. g3 c5 42. f4 gxf4+ 43. gxf4 Rg2 44. Kf3 Rg1 45. Ra6 Rh1 46. Ke4
Rh4 47. Kf5 Kd5 48. Ra5 Kc6 49. g5 hxg5 50. fxg5 Rh1 51. g6 Rf1+ 52. Ke6 Rg1 53.
Kf7 c4 54. g7 c3 55. Ra6+ Kb5 56. Ra8 Rf1+ 57. Ke7 Re1+ 58. Kd6 Rd1+ 59. Ke6
Re1+ 60. Kf5 Rf1+ 61. Ke6 Re1+ 62. Kf6 Rf1+ 63. Ke6 Re1+ 64. Kf6 1/2-1/2

[Event "European Blitz 2017"]
[Site "Katowice POL"]
[Date "2017.12.15"]
[Round "5.9"]
[White "Kovalenko, Igor"]
[Black "Schulz, Karsten"]
[Result "1/2-1/2"]
[WhiteTitle "GM"]
[BlackTitle "FM"]
[WhiteElo "2639"]
[BlackElo "2293"]
[WhiteFideId "14117908"]
[BlackFideId "4611446"]
[EventDate "2017.12.15"]
[EventType "blitz"]

1. e4 d6 2. d4 Nf6 3. Nc3 e5 4. Nf3 exd4 5. Qxd4 Be7 6. Bc4 O-O 7. h3 Nc6 8. Qd2
Be6 9. Bb3 Re8 10. Bxe6 fxe6 11. O-O e5 12. a4 Rf8 13. a5 a6 14. Qe2 Qe8 15. Be3
Nh5 16. Qc4+ Kh8 17. Kh2 Rc8 18. Nd5 Bd8 19. c3 Ne7 20. Nxe7 Bxe7 21. Nd2 Qd8
22. Qe2 g6 23. Nc4 Bg5 24. g3 Bxe3 25. Nxe3 Nf6 26. Nc4 Qe7 27. Rad1 Nh5 28. b3
Rf7 29. Ne3 Rcf8 30. Ng4 Nf6 31. Nh6 Rg7 32. Kg2 Ng8 33. Ng4 Nf6 34. Rd3 Qe6 35.
c4 Rgf7 36. Nh6 Rg7 37. Rf3 Qe7 38. b4 Ng8 39. Ng4 Rxf3 40. Qxf3 Rf7 41. Qc3 Nf6
42. f3 Nxg4 43. hxg4 Qe6 44. b5 Rf8 45. Rb1 Ra8 46. Rb2 Qe7 47. c5 axb5 48. Rxb5
Ra7 49. cxd6 cxd6 50. Rb6 Kg7 51. Qb4 h6 52. Rxd6 Qc7 53. Rd2 Rxa5 1/2-1/2

[Event "European Blitz 2017"]
[Site "Katowice POL"]
[Date "2017.12.15"]
[Round "5.10"]
[White "Ustianovich, Nazar"]
[Black "Buhmann, Rainer"]
[Result "0-1"]
[WhiteTitle "FM"]
[BlackTitle "GM"]
[WhiteElo "2366"]
[BlackElo "2584"]
[WhiteFideId "14109778"]
[BlackFideId "4651340"]
[EventDate "2017.12.15"]
[EventType "blitz"]

1. d4 d5 2. Nf3 Nf6 3. c4 e6 4. Nc3 c6 5. e3 Nbd7 6. Qc2 Bd6 7. b3 O-O 8. Be2 e5
9. cxd5 Nxd5 10. Nxd5 cxd5 11. dxe5 Nxe5 12. O-O Nxf3+ 13. Bxf3 Qh4 14. g3 Qf6
15. Bg2 Bf5 16. e4 Rac8 17. Qe2 Qxa1 18. Bf4 Qf6 19. Bxd6 Qxd6 20. exf5 Rfe8 21.
Qd3 d4 22. Bxb7 Rc3 23. Qd2 Qc5 24. Qf4 Qe5 25. Qd2 h6 26. Bg2 Rec8 27. Rd1 d3
28. h4 Qd4 29. f6 Rc2 30. Qe3 Qxe3 31. fxe3 Rc1 0-1